Discovering Tutankhamun : (Record no. 63225)
[ view plain ]
| 000 -الفاتح | |
|---|---|
| حقل البيانات ثابتة الطول | 02449cam a2200397 i 4500 |
| 005 - وقت وتاريخ اخر تعامل مع التسجيلة | |
| رقم الضبط | 20240530110629.0 |
| 008 - عناصر البيانات ثابتة الطول - معلومات عامة | |
| حقل البيانات ثابتة الطول | 140207s2013 ua a e b 001 0 eng |
| 010 ## - | |
| -- | 2013444279 |
| 020 ## - الرقم الدولى المعيارى للكتب | |
| الرقم الدولى المعيارى للكتاب | 9789774166372 |
| 020 ## - الرقم الدولى المعيارى للكتب | |
| الرقم الدولى المعيارى للكتاب | 977416637X |
| 040 ## - مصدر الفهرسة | |
| وكالة الفهرسة الأصلية | DLC |
| لغة الفهرسة | eng |
| وكالة النسخ | DLC |
| قواعد الوصف | rda |
| وكالة التعديل | DLC |
| 042 ## - | |
| -- | pcc |
| 082 04 - رقم تصنيف ديوى العشرى | |
| رقم الطبعة | 21 |
| رقم التصنيف | 932 |
| رقم المادة | CC/H D |
| 100 1# - المدخل الرئيسى - إسم شخصى | |
| الإسم الشخصى | Hawass, Zahi A. |
| 245 10 - بيان العنوان | |
| العنوان | Discovering Tutankhamun : |
| بقية العنوان | from Howard Carter to DNA / Zahi Hawass. |
| 300 ## - الوصف المادى | |
| التعداد | 264 pages : |
| تفاصيل ماديه اخرى للوعاء | illustrations (chiefly color) ; |
| أبعاد الوعاء | 29 cm |
| 504 ## - تبصرة ببليوجرافية | |
| تبصرة ببليوجرافية,الخ | Includes bibliographical references (pages 254-258) and index. |
| 600 00 - المدخل الاضافى بالموضوع-اسم شخصى | |
| الإسم الشخصى | Tutankhamen, |
| العنوان والكلمات الأخرى المصاحبة للاسم | King of Egypt. |
| 651 #0 - المدخل الاضافى بالموضوع - اسم جغرافى | |
| الاسم الجغرافي | Egypt |
| التقسيم الفرعي العام | Civilization |
| التقسيم الفرعي الزمني | To 332 B.C. |
| 651 #0 - المدخل الاضافى بالموضوع - اسم جغرافى | |
| الاسم الجغرافي | Egypt |
| التقسيم الفرعي العام | Antiquities. |
| 942 ## - عناصر المدخل الإضافي( كوها) | |
| مصدر التصنيف او مخطط الترفيف | Dewey Decimal Classification |
| Koha [default] item type | كتاب |
| 264 #1 - | |
| -- | Cairo ; |
| -- | New York : |
| -- | The American University in Cairo Press, |
| -- | 2013. |
| 336 ## - | |
| -- | text |
| -- | txt |
| -- | rdacontent |
| 336 ## - | |
| -- | still image |
| -- | txt |
| -- | rdacontent |
| 337 ## - | |
| -- | unmediated |
| -- | n |
| -- | rdamedia |
| 338 ## - | |
| -- | volume |
| -- | nc |
| -- | rdacarrier |
| 505 0# - تبصرة محتويات-الفهرس | |
| تبصرة المحتويات المصاغة | The golden age of Egypt: Dynasty 18 -- Religion and life after death -- Robbers in the Valley of the Kings -- The tomb and its treasures -- Tutankhamun's mummy -- The discovery of the family of Tutankhamun -- The Valley of the Kings and finds after the discovery of Tutankhamun -- The curse of Tutankhamun -- Tutmania -- Conclusion. |
| 520 ## - التبصرة الخاصة بالتعليق أو التلخيص | |
| ملخص,الخ | Penned by a scholar who was personally involved in research into the enigmatic young pharaoh, this comprehensive and fully illustrated new study reviews the current state of our knowledge about the life, death, and burial of Tutankhamun in light of the latest investigations and newest technology. Zahi Hawass places the king in the broader context of Egyptian history, unravelling the intricate and much debated relationship between various members of the royal family, and the circumstances surrounding the turbulent Amarna period. |
| 856 42 - الوصول و الموقع الالكترونى | |
| مواد محددة | Publisher description |
| معرف المصدر الموحد | http://www.loc.gov/catdir/enhancements/fy1407/2013444279-d.html |
| 856 41 - الوصول و الموقع الالكترونى | |
| مواد محددة | Table of contents only |
| معرف المصدر الموحد | http://www.loc.gov/catdir/enhancements/fy1407/2013444279-t.html |
| 856 42 - الوصول و الموقع الالكترونى | |
| مواد محددة | Contributor biographical information |
| معرف المصدر الموحد | http://www.loc.gov/catdir/enhancements/fy1407/2013444279-b.html |
| 906 ## - عنصر بيانات محلى F, LDF (RLIN) | |
| a | 7 |
| b | cbc |
| c | origres |
| d | 2 |
| e | ncip |
| f | 20 |
| g | y-gencatlg |
| حالة التراجع | حالة الفقد | مصدر التصنيف او خطة الترفيف | حالة تلف | ليس للاعارة | المكان المؤقت | الموقع الحالى | موقع الترفيف | تاريخ الاكتساب | اجمالي اﻻعارات | رقم الطلب | الباركود | تاريخ اخر مشاهدة | تاريخ تفعيل السعر | نوع وعاء كوها |
|---|---|---|---|---|---|---|---|---|---|---|---|---|---|---|
| ddc | مكتبة القاهرة الكبرى | مكتبة القاهرة الكبرى | 01/14/2017 | 932 CC/H D | 163197 | 01/14/2017 | 01/14/2017 | كتاب |

